01293 2200253 4500001002100000005001500021035002000036008004100056020002000097041000800117082001300125084001700138100006900155700002000224245010000244260003500344300002400379500002100403520050500424650002500929650003300954990002600987990002601013INLIS00000000000417020221103020536 a0010-0520004170221103 | | eng  a978-0199-276042 aeng a346.0482 a346.0482 COP0 aCopyright and Free Speech :Comparative and International Analses0 aUma Suthersonen1 aCopyright and Free Speech :bComparative and International Analses /cEdited Jonathan Griffiths aNew York :bTHC Mandiri,c2005 axivi,426hlm ;c24cm aIndeks : 420-426 aWritten by a team of leading scholars and practitioners, this book analyzes the potential for interaction and conflict between copyright and free speech. Recent examples include the series of First Amendment challenges that have been brought against the US Digital Millennium Copyright Act and Ashdown v. Telegraph Group in the UK. The analysis draws upon a wide variety of viewpoints and jurisdictions to provide a sustained study of the subject suitable for use by both practitioners and academics. 4aCopyright-Congresses 4aFreedom of Speech-Congresses a07566/MKRI-P/XII-2007 a07566/MKRI-P/XII-2007